Riadenie rizík v kontexte s požiadavkami ORSA projektu Solvency II správa o riešení a výsledkoch projektu mladých učiteľov, vedeckých pracovníkov a doktorandov v denne forme štúdia I-14-102-00 : rok riešenia projektu 2014

Salvato in:
Dettagli Bibliografici
Autore principale: Páleš, Michal, 1984-
Ente Autore: Fakulta hospodárskej informatiky EU. Katedra matematiky a aktuárstva
Altri autori: Mihalechová, Jana, 1988-, Komadel, Daniel, Kaderová, Andrea, Poláček, Štefan, 1984-
Natura: Libro
Lingua:slovacco
Pubblicazione: Bratislava 2014
Edizione:1. vyd.
Soggetti:
Tags: Aggiungi Tag
Nessun Tag, puoi essere il primo ad aggiungerne!!

MARC

LEADER 00000nam a2200000 4500
001 0213011
005 20240527093008.7
041 0 |a slo 
044 |a SK 
245 1 0 |a Riadenie rizík v kontexte s požiadavkami ORSA projektu Solvency II  |b správa o riešení a výsledkoch projektu mladých učiteľov, vedeckých pracovníkov a doktorandov v denne forme štúdia I-14-102-00 : rok riešenia projektu 2014  |c zodpovedný riešiteľ: Michal Páleš, spoluriešitelia: Jana Mihalechová, Daniel Komadel ; recenzenti: Andrea Kaderová, Štefan Poláček 
250 |a 1. vyd. 
264 1 |a Bratislava  |c 2014 
300 |a 12 s. 
610 2 0 |a solventnosť 
610 2 0 |a poisťovníctvo 
610 2 0 |a kapitál 
610 2 0 |a strata 
610 2 0 |a riziko poistné 
610 2 0 |a riadenie rizík 
100 1 |a Páleš, Michal, 1984- 
700 1 |a Mihalechová, Jana, 1988- 
700 1 |a Komadel, Daniel 
700 1 |a Kaderová, Andrea 
700 1 |a Poláček, Štefan, 1984- 
710 2 |a Fakulta hospodárskej informatiky EU. Katedra matematiky a aktuárstva